Statistics for Πρωτεύουσες της Αφρικής

Click here to take the quiz!

General Stats

  • This quiz has been taken 300 times
  • The average score is 31 of 54

Answer Stats

ΧώραΠρωτεύουσα/ες% Correct
ΑίγυπτοςΚάιρο
97%
ΑλγερίαΑλγέρι
91%
ΑιθιοπίαΑντίς Αμπέμπα (ή Αμπάμπα)
85%
ΚένυαΝαϊρόμπι
82%
ΛιβύηΤρίπολη
82%
ΜαρόκοΡαμπάτ
74%
ΜαδαγασκάρηΑνταναναρίβο
72%
ΑνγκόλαΛουάντα
72%
Γουινέα-ΜπισσάουΜπισσάου
70%
ΖιμπάμπουεΧαράρε
68%
Λαϊκή Δημοκρατία του ΚονγκόΚινσάσα
68%
Νότια ΑφρικήΠρετόρια / Κέιπ Τάουν / Μπλοεμφοντέιν
66%
ΕρυθραίαΑσμάρα
66%
ΚαμερούνΓιαουντέ
65%
ΤυνησίαΤύνιδα
64%
ΛιβερίαΜονρόβια
62%
ΓκάναΆκκρα
62%
ΣουδάνΧαρτούμ
62%
Ακτή ΕλεφαντοστούΓιαμουσσούκρο / Αμπιτζάν
62%
ΣενεγάληΝτακάρ
60%
Δημοκρατία του ΚονγκόΜπραζαβίλ
58%
ΖάμπιαΛουζάκα
58%
ΣεϋχέλλεςΒικτώρια
56%
ΤζιμπουτίΠόλη του Τζιμπουτί
56%
ΚομόρεςΜορονί
55%
Μπουρκίνα ΦάσοΟυαγκαντούγκου
54%
ΜοζαμβίκηΜαπούτο
54%
Λεσούτου (Λεσότο)Μαζέρου
54%
ΓουινέαΚόνακρυ
54%
ΝιγηρίαΑμπούτζα
53%
Σάο Τομέ και ΠρίνσιπεΣάο Τομέ
53%
Κεντροαφρικανική ΔημοκρατίαΜπανγκί
52%
ΜάλιΜπαμάκο
50%
ΕσουατίνιΜπαμπάνε / Λομπάμπα
50%
Ισημερινή ΓουινέαΜαλάμπο
50%
ΓκαμπόνΛιμπρεβίλ
50%
ΝίγηραςΝιαμέι
50%
ΜποτσουάναΓκαμπορόνε
50%
ΜαλάουιΛιλόνγκουε
49%
ΟυγκάνταΚαμπάλα
48%
ΜαυρίκιοςΠορ Λουί
48%
ΡουάνταΚιγκάλι
46%
ΣομαλίαΜογκαντίσου
46%
ΜπενίνΠόρτο-Νόβο / Κοτονού
46%
ΓκάμπιαΜπαντζούλ
45%
ΜαυριτάνιαΝουακσότ
45%
Πράσινο ΑκρωτήριΠράγια
44%
ΜπουρούντιΓκιτέγκα
44%
Νότιο ΣουδάνΤζούμπα
44%
Σιέρρα ΛεόνεΦρίταουν
44%
ΤανζανίαΝτοντόμα / Νταρ ες Σαλάμ
44%
ΤόγκοΛομέ
44%
ΝαμίμπιαΒίντχουκ
41%
ΤσαντΝτζαμένα
40%

Score Distribution

Percentile by Number Answered

Percent of People with Each Score

Your Score History

You have not taken this quiz